01078nam a22002297a 4500003000900000008004100009040007100050082001800121100004100139245004200180260004100222300003400263505038500297650002400682650002400706650002100730650001400751650001500765650002400780650002800804650001600832AR-CdUCM251215b2024    pe ||||| |||| 00| 0 spa d  aMUNICIPALIDAD PROVINCIAL DEL CUSCOcBIBLIOTECA MUNICIPAL DEL CUSCO  a704.9425bM95  aMunicipalidad Provincial del Cusco /  aNiños Cusqueños fe y tradición.  aCuscobMunicipalidad del Cuscoc2024  a119 páginas. :c30 x 24 cm.  a El "Niño Jesús Inca" y los jesuitas en el Cusco virreinal -- En la Pintura Cusqueña -- El Inti P'unchaw o Sol de los Incas -- En Cusco -- La fiesta de Sarawawa -- Nacimiento de Fernando Pachacutec Huamán Yuca -- Declaran Patrimonio Cultural de la Nación a la Tradicional Feria del Santurantikuy de la ciudad del Cusco -- Manuelito: Tradición Navideña Cusqueña....  aEl "Niño Jesús"  aPintura Cusqueña   aEl Inti P'unchaw  aLa fiesta  aNacimiento  aPatrimonio Cultural  aFeria del Santurantikuy  aTradición